<?xml version="1.0" encoding="UTF-8"?>
<record
    xmlns:xsi="http://www.w3.org/2001/XMLSchema-instance"
    xsi:schemaLocation="http://www.loc.gov/MARC21/slim http://www.loc.gov/standards/marcxml/schema/MARC21slim.xsd"
    xmlns="http://www.loc.gov/MARC21/slim">

  <leader>04968nam a2200481Ia 4500</leader>
  <controlfield tag="001">dia_4727</controlfield>
  <controlfield tag="003">CHAP</controlfield>
  <controlfield tag="005">20240925184055.0</controlfield>
  <controlfield tag="007">ta</controlfield>
  <controlfield tag="008">220117s2011    mx ad  frm    001 0 spa d</controlfield>
  <datafield tag="010" ind1=" " ind2=" ">
    <subfield code="a">175462</subfield>
  </datafield>
  <datafield tag="040" ind1=" " ind2=" ">
    <subfield code="c">CHAP</subfield>
    <subfield code="a">mxchpua</subfield>
    <subfield code="e">rda</subfield>
  </datafield>
  <datafield tag="041" ind1="0" ind2=" ">
    <subfield code="a">spa</subfield>
    <subfield code="b">eng</subfield>
  </datafield>
  <datafield tag="090" ind1=" " ind2=" ">
    <subfield code="a">Tesis </subfield>
    <subfield code="b">C37 </subfield>
    <subfield code="c">2011</subfield>
  </datafield>
  <datafield tag="100" ind1="1" ind2=" ">
    <subfield code="a">Carbajal Linares, Juan Antonio</subfield>
  </datafield>
  <datafield tag="245" ind1="1" ind2="0">
    <subfield code="a">Componentes qu&#xED;micos en clones de papa (Solanum tuberosum L.) evaluados con m&#xE9;todos convencionales y espectroscopia del infrarrojo cercano (NIR) /</subfield>
    <subfield code="c">Juan Antonio Carbajal Linares y Nancy Toriz Robles</subfield>
  </datafield>
  <datafield tag="264" ind1=" " ind2=" ">
    <subfield code="a">Chapingo, M&#xE9;xico :</subfield>
    <subfield code="b">El autor,</subfield>
    <subfield code="c">2011</subfield>
  </datafield>
  <datafield tag="300" ind1=" " ind2=" ">
    <subfield code="a">vi, 98 hojas :</subfield>
    <subfield code="b">ilustraciones, gr&#xE1;ficas, diagramas, tablas +</subfield>
    <subfield code="e">1 CD-ROM</subfield>
  </datafield>
  <datafield tag="336" ind1=" " ind2=" ">
    <subfield code="2">rdacontent</subfield>
    <subfield code="a">texto</subfield>
    <subfield code="b">txt</subfield>
  </datafield>
  <datafield tag="337" ind1=" " ind2=" ">
    <subfield code="2">rdamedia</subfield>
    <subfield code="a">no mediado</subfield>
    <subfield code="b">n</subfield>
  </datafield>
  <datafield tag="338" ind1=" " ind2=" ">
    <subfield code="2">rdacarrier</subfield>
    <subfield code="a">volumen</subfield>
    <subfield code="b">nc</subfield>
  </datafield>
  <datafield tag="500" ind1=" " ind2=" ">
    <subfield code="a">El CD contiene reporte</subfield>
  </datafield>
  <datafield tag="502" ind1=" " ind2=" ">
    <subfield code="a">Tesis </subfield>
    <subfield code="b">(Ingeniero Agroindustrial) -- </subfield>
    <subfield code="c">UACh. Departamento de Ingenier&#xED;a Agroindustrial, </subfield>
    <subfield code="d">2011</subfield>
  </datafield>
  <datafield tag="504" ind1=" " ind2=" ">
    <subfield code="a">Bibliograf&#xED;a: hojas 75-83</subfield>
  </datafield>
  <datafield tag="520" ind1="3" ind2=" ">
    <subfield code="a">El objetivo principal de esta investigaci&#xF3;n fue determinar la factibilidad para predecir la cantidad de almid&#xF3;n, az&#xFA;cares solubles y prote&#xED;na en tub&#xE9;rculos de papa (Solanum tuberosum L.) usando espectroscop&#xED;a del infrarrojo cercano (NIR). Los espectros obtenidos permitieron desarrollar modelos probabilisticos predictivos para estimar la calidad nutricional e industrial de clones de papa procedentes del estado de M&#xE9;xico (Metepec y Zinacantepec). Inicialmente se realizaron an&#xE1;lisis qu&#xED;micos para los componentes: az&#xFA;cares solubles, almid&#xF3;n y prote&#xED;na, en 222 muestras. En la siguiente etapa se obtuvieron espectros de absorci&#xF3;n para las muestras en el espectrofot&#xF3;metro FOSS Nirsystem. Posteriormente, se relacionaron los datos qu&#xED;micos con los espectros de absorci&#xF3;n para construir modelos estad&#xED;sticos predictivos para las variables repuesta de inter&#xE9;s (calibraci&#xF3;n de los modelos). Los modelos calibrados fueron: regresi&#xF3;n por componentes principales (RCP), regresi&#xF3;n por m&#xED;nimos cuadrados parciales (PLS) y regresi&#xF3;n por el m&#xE9;todo de m&#xE1;quinas de vectores de soporte de m&#xED;nimos cuadrados (LS-SVM). Finalmente, se llev&#xF3; a cabo la validaci&#xF3;n de los modelos a trav&#xE9;s de la evaluaci&#xF3;n de una muestra independiente de tama&#xF1;o 56. El cuadrado medio del error de predicci&#xF3;n (CMEP) permiti&#xF3; evaluar la habilidad predictiva de los modelos construidos. La t&#xE9;cnica NIR funcion&#xF3; para todos los componentes y el modelo que mostr&#xF3; habilidad para predecir valores de las variables respuestas en estudio fueron los obtenidos por el m&#xE9;todo PLS con valores de CMEP de 0.6857, 25.0308 y 0.9848 en la validaci&#xF3;n de az&#xFA;cares solubles, almid&#xF3;n y prote&#xED;na respectivamente. --</subfield>
  </datafield>
  <datafield tag="520" ind1="3" ind2=" ">
    <subfield code="a">The main objective of this research was to determine the feasibility to predict the amount of starch, soluble sugars and protein in potato tubers (Solanum tuberosum L.) using near-infrared spectroscopy (NIR). The spectra obtained allowed to develop probabilistic predictive models to estimate the nutritional quality and industrial potato clones from the state of Mexico (Metepec and Zinacantepec). Chemical analysis was initially performed for components: soluble sugars, starch and protein, in 222 samples. In the next phase absorption spectra were obtained for samples in the spectrophotometer Nirsystem FOSS. Subsequently, chemical data associated with the absorption spectra to build predictive statistical models for response variables of interest (model calibration). The calibrated models were: principal component regression (PCR), partial least squares regression (PLS) and regression by the method of support vector machines least squares (LS-SVM). Finally, we carried out the validation of models through the evaluation of an independent sample of size 56. The mean square error of prediction (MSEP) allowed us to evaluate the predictive ability of the models constructed. The NIR technique worked for all components and the model that showed ability to predict values of response variables in the study were obtained by the PLS method with CMEP values of 0.6857, 25.0308 and 0.9848 in the validation of soluble sugars, starch and protein respectively.</subfield>
  </datafield>
  <datafield tag="650" ind1="1" ind2="3">
    <subfield code="a">Papa</subfield>
    <subfield code="x">Clones</subfield>
    <subfield code="x">Composici&#xF3;n qu&#xED;mica  </subfield>
    <subfield code="2">atg</subfield>
  </datafield>
  <datafield tag="650" ind1="1" ind2="3">
    <subfield code="a">Espectroscop&#xED;a infrarroja  </subfield>
    <subfield code="2">atg</subfield>
  </datafield>
  <datafield tag="650" ind1="1" ind2="3">
    <subfield code="a">Potato</subfield>
    <subfield code="x">Clones</subfield>
    <subfield code="x">Chemical composition   </subfield>
    <subfield code="2">atg</subfield>
  </datafield>
  <datafield tag="650" ind1="1" ind2="3">
    <subfield code="a">Infrared spectroscopy</subfield>
    <subfield code="2">atg</subfield>
  </datafield>
  <datafield tag="700" ind1="1" ind2=" ">
    <subfield code="a">Toriz Robles, Nancy</subfield>
    <subfield code="e">autora</subfield>
  </datafield>
  <datafield tag="700" ind1="1" ind2=" ">
    <subfield code="a">Ybarra Moncada, Ma. Carmen</subfield>
    <subfield code="e">directora</subfield>
  </datafield>
  <datafield tag="700" ind1="1" ind2=" ">
    <subfield code="a">Valle Guadarrama, Salvador</subfield>
    <subfield code="e">asesor</subfield>
  </datafield>
  <datafield tag="700" ind1="1" ind2=" ">
    <subfield code="a">V&#xE1;zquez Carrillo, Mar&#xED;a Gricelda</subfield>
    <subfield code="e">asesora</subfield>
  </datafield>
  <datafield tag="856" ind1="4" ind2="1">
    <subfield code="u">http://10.13.5.2/tesis/112958.pdf</subfield>
    <subfield code="y">DESCARGAR PDF</subfield>
  </datafield>
  <datafield tag="901" ind1=" " ind2=" ">
    <subfield code="a">TESIS C37 2011</subfield>
  </datafield>
  <datafield tag="902" ind1=" " ind2=" ">
    <subfield code="a">M</subfield>
  </datafield>
  <datafield tag="905" ind1=" " ind2=" ">
    <subfield code="a">5232272011                          mx mnl 8223223322spa16</subfield>
  </datafield>
  <datafield tag="942" ind1=" " ind2=" ">
    <subfield code="c">TESIS</subfield>
    <subfield code="2">Clasificaci&#xF3;n Universidad Aut&#xF3;noma Chapingo</subfield>
  </datafield>
  <datafield tag="999" ind1=" " ind2=" ">
    <subfield code="c">175462</subfield>
    <subfield code="d">175462</subfield>
  </datafield>
  <datafield tag="952" ind1=" " ind2=" ">
    <subfield code="0">0</subfield>
    <subfield code="1">0</subfield>
    <subfield code="2">local</subfield>
    <subfield code="4">0</subfield>
    <subfield code="5">5</subfield>
    <subfield code="7">0</subfield>
    <subfield code="8">TESIS</subfield>
    <subfield code="a">IA_</subfield>
    <subfield code="b">IA_</subfield>
    <subfield code="d">2024-10-07</subfield>
    <subfield code="e">El autor</subfield>
    <subfield code="l">1</subfield>
    <subfield code="o">Tesis C37 2011</subfield>
    <subfield code="p">1101006652</subfield>
    <subfield code="r">2024-10-07 16:21:28</subfield>
    <subfield code="s">2024-10-04</subfield>
    <subfield code="t">Ej. 3</subfield>
    <subfield code="y">CD</subfield>
  </datafield>
  <datafield tag="952" ind1=" " ind2=" ">
    <subfield code="0">0</subfield>
    <subfield code="1">0</subfield>
    <subfield code="2">local</subfield>
    <subfield code="4">0</subfield>
    <subfield code="5">1</subfield>
    <subfield code="7">0</subfield>
    <subfield code="8">TESIS</subfield>
    <subfield code="a">IA_</subfield>
    <subfield code="b">IA_</subfield>
    <subfield code="d">2022-01-18</subfield>
    <subfield code="e">El autor</subfield>
    <subfield code="l">0</subfield>
    <subfield code="o">Tesis C37 2011</subfield>
    <subfield code="p">1101006650</subfield>
    <subfield code="r">2026-02-02 00:00:00</subfield>
    <subfield code="t">Ej. 1</subfield>
    <subfield code="y">TESIS</subfield>
  </datafield>
  <datafield tag="952" ind1=" " ind2=" ">
    <subfield code="0">0</subfield>
    <subfield code="1">0</subfield>
    <subfield code="2">local</subfield>
    <subfield code="4">0</subfield>
    <subfield code="5">1</subfield>
    <subfield code="7">0</subfield>
    <subfield code="8">TESIS</subfield>
    <subfield code="a">IA_</subfield>
    <subfield code="b">IA_</subfield>
    <subfield code="d">2022-01-18</subfield>
    <subfield code="e">El autor</subfield>
    <subfield code="l">0</subfield>
    <subfield code="o">Tesis C37 2011</subfield>
    <subfield code="p">1101006651</subfield>
    <subfield code="r">2022-01-18 00:00:00</subfield>
    <subfield code="t">Ej. 2</subfield>
    <subfield code="y">CD</subfield>
  </datafield>
  <datafield tag="952" ind1=" " ind2=" ">
    <subfield code="0">0</subfield>
    <subfield code="1">0</subfield>
    <subfield code="2">local</subfield>
    <subfield code="4">0</subfield>
    <subfield code="7">0</subfield>
    <subfield code="8">TesDigL</subfield>
    <subfield code="a">IA_</subfield>
    <subfield code="b">IA_</subfield>
    <subfield code="c">E_L</subfield>
    <subfield code="d">2024-09-25</subfield>
    <subfield code="l">0</subfield>
    <subfield code="p">1201006650</subfield>
    <subfield code="r">2024-09-25 19:42:43</subfield>
    <subfield code="w">2024-09-25</subfield>
    <subfield code="y">TD</subfield>
  </datafield>
</record>
